Tenali Ram: (Record no. 60631)

000 -LEADER
fixed length control field 00374nam a22001577a 4500
082 ## - DEWEY DECIMAL CLASSIFICATION NUMBER
Classification number H1
Item number NAG/T
100 ## - MAIN ENTRY--AUTHOR NAME
Personal name Nagarajan S
245 ## - TITLE STATEMENT
Title Tenali Ram:
Sub Title dakshin ka birbal/
Statement of responsibility, etc by Nagarajan S
250 ## - EDITION STATEMENT
Edition statement 1st ed.
260 ## - PUBLICATION, DISTRIBUTION, ETC. (IMPRINT)
Place of publication Chennai:
Name of publisher Chenna Books,
Year of publication 2004.
300 ## - PHYSICAL DESCRIPTION
Number of Pages 104p.
650 ## - SUBJECT ADDED ENTRY--TOPICAL TERM
Topical Term Poetry Hindi
650 ## - SUBJECT ADDED ENTRY--TOPICAL TERM
Topical Term Literature Hindi
650 ## - SUBJECT ADDED ENTRY--TOPICAL TERM
Topical Term Literature
942 ## - ADDED ENTRY ELEMENTS (KOHA)
Koha item type Book
Holdings
Withdrawn status Lost status Damaged status Not for loan Permanent Location Current Location Shelving location Date acquired Cost, normal purchase price Full call number Accession Number Price effective from Koha item type
        Sree Sankaracharya University of Sanskrit Sree Sankaracharya University of Sanskrit Stacks 15.06.2016 30.00 H1 NAG/T 074234 15.06.2016 Book